Statistiques concernant Petit Bac #19 - Pays d'Océanie

Cliquez ici pour prendre le quiz!

Statistiques générales

  • Ce quiz a été pris 453 fois
    (233 depuis la dernière actualisation)
  • Le résultat moyen est 9 sur 9

Statistiques - réponses

1ère LettrePays% Correct
NNauru / Nouvelle-Zélande
100%
AAustralie
99%
PPalaos / Papouasie-Nouvelle-Guinée
98%
FFidji
97%
MMarshall (îles) / Micronésie
97%
TTonga / Tuvalu
97%
VVanuatu
96%
SSalomon / Samoa
95%
KKiribati
93%

Distribution des résultats

Percentile par nombre de réponses

% des personnes avec chaque résultat

Votre développement - résultats

Vous n’avez pas pris ce quiz depuis la dernière actualisation